| 000 | 01301nam a2200313Ia 4500 | ||
|---|---|---|---|
| 001 | ebr10633693 | ||
| 003 | CaPaEBR | ||
| 006 | m u | ||
| 007 | cr cn||||||||| | ||
| 008 | 111128s2012 nyu sb 001 0 eng d | ||
| 010 | _z 2011047447 | ||
| 020 | _z1438443897 (hardcover : alk. paper) | ||
| 020 | _z9781438443898 (hardcover : alk. paper) | ||
| 020 | _z9781438443911 | ||
| 040 |
_aCaPaEBR _cCaPaEBR |
||
| 035 | _a(OCoLC)822018661 | ||
| 050 | 1 | 4 |
_aDS741.25 _b.O43 2012eb |
| 100 | 1 | _aOlberding, Garret P. S. | |
| 245 | 1 | 0 |
_aDubious facts _h[electronic resource] : _bthe evidence of early Chinese historiography / _cGarret P.S. Olberding. |
| 260 |
_aAlbany : _bState University of New York Press, _cc2012. |
||
| 300 | _ax, 278 p. | ||
| 440 | 0 | _aSUNY series in Chinese philosophy and culture | |
| 504 | _aIncludes bibliographical references and index. | ||
| 533 |
_aElectronic reproduction. _bPalo Alto, Calif. : _cebrary, _d2013. _nAvailable via World Wide Web. _nAccess may be limited to ebrary affiliated libraries. |
||
| 651 | 0 |
_aChina _xHistory _yTo 221 B.C. _xHistoriography. |
|
| 655 | 7 |
_aElectronic books. _2local |
|
| 710 | 2 | _aebrary, Inc. | |
| 856 | 4 | 0 |
_uhttp://site.ebrary.com/lib/rucke/Doc?id=10633693 _zAn electronic book accessible through the World Wide Web; click to view |
| 999 |
_c47314 _d47314 |
||